| 000 | 00946nas a2200313 4500 | ||
|---|---|---|---|
| 001 | BR0901535 | ||
| 003 | BR-BrBNA | ||
| 005 | 20231205112611.0 | ||
| 007 | ta | ||
| 008 | 230509b bl.|||p| |||| 00| 00por d | ||
| 040 |
_aBR-BrBNA _bpor _cBiblioteca Nacional de Agricultura |
||
| 041 | _a(Pt) | ||
| 072 | _aF02 | ||
| 100 | 1 | _aLacerda, G.A. | |
| 100 | 1 | _aChalfun-Junior, A. | |
| 100 | 1 | _aPaiva, L.V. | |
| 100 | 1 | _aMelo, E.F. | |
| 100 | 1 | _aOliveira, A.C.S. de | |
| 100 | 1 | _aRezende, J.C. de | |
| 245 | 1 | _aInfluencia de reguladores de crescimento no desenvolvimento radicular de sementes de Coffea arabica L. "Rubi" in vitro | |
| 650 | _aCAFE | ||
| 650 | _aSEMENTE | ||
| 650 | _aREGULADOR DE CRESCIMENTO | ||
| 650 | _aACIDO GIBERELICO | ||
| 650 | _aPLANTULA | ||
| 773 | 0 |
_tCoffee Science (Brazil) _xISSN 1809-6875 _g(Jan-Jun 2008), v. 3(1) p. 81-84 _wBR0901535 |
|
| 909 |
_a202311 _bLúcia _c55 _dLúcia Elande |
||
| 942 |
_2AGRIS _n0 _cANA |
||
| 999 |
_c198888 _d198888 |
||